| Tag |
First Indicator |
Second Indicator |
Subfields |
| LEADER |
00000cam a2200000 4500 |
| 001 |
in00000295708 |
| 005 |
20211225063304.0 |
| 008 |
711215s1961 be b 00010 eng d |
| 035 |
|
|
|a (OCoLC)00235905
|
| 035 |
|
|
|9 ABF2810AM
|
| 040 |
|
|
|a DLC
|c DLC
|d TXA
|d UtOrBLW
|
| 049 |
|
|
|a TXAM
|c [430369]
|
| 090 |
|
|
|a BT102
|b .B6
|
| 100 |
1 |
|
|a Boekraad, Adrian J.
|
| 245 |
1 |
4 |
|a The argument from conscience to the existence of God according to J. H. Newman /
|c by Adrian J. Boekraad and Henry Tristram.
|
| 264 |
|
1 |
|a Louvain :
|b Editions Nauwelaerts,
|c 1961.
|
| 300 |
|
|
|a 205 pages
|
| 336 |
|
|
|a text
|b txt
|2 rdacontent
|
| 337 |
|
|
|a unmediated
|b n
|2 rdamedia
|
| 338 |
|
|
|a volume
|b nc
|2 rdacarrier
|
| 500 |
|
|
|a Includes unpublished papers of Cardinal Newman. cf. Preface.
|
| 504 |
|
|
|a Bibliographical footnotes.
|
| 600 |
1 |
0 |
|a Newman, John Henry,
|c Saint,
|d 1801-1890.
|
| 650 |
|
0 |
|a God
|x Proof.
|
| 700 |
1 |
|
|a Newman, John Henry,
|c Saint,
|d 1801-1890.
|
| 700 |
1 |
|
|a Tristram, Henry.
|
| 999 |
|
|
|a MARS
|
| 999 |
f |
f |
|s 0f9add9a-364b-3bfd-8b76-9d0230f28a3f
|i 6582f3ec-10cc-3a47-93b6-8ee5ed33fc68
|t 0
|
| 952 |
f |
f |
|p ric
|a Texas A&M University
|b Rellis Campus
|c Joint Library Facility
|d Remote Storage
|t 0
|e BT102 .B6
|h Library of Congress classification
|i unmediated -- volume
|m A14801789468
|
| 998 |
f |
f |
|a BT102 .B6
|t 0
|l Remote Storage
|